El regreso de los enclaves a Honduras en el siglo XXI: las zonas de empleo y desarrollo económico (ZEDE), la versión de las ciudades chárter rechazada por su creador Paul Romer (2010-2019) /

Na minha lista:
Detalhes bibliográficos
Autor principal: Palma-Herrera, José Luis (Autor)
Formato: Livro
Idioma:Spanish
Tags: Adicionar Tag
Sem tags, seja o primeiro a adicionar uma tag!

MARC

LEADER 00000nam a22000007a 4500
003 cru IIS
005 20220816145054.0
007 ta
008 220816t2019 cr |||p|r|||| 00| 0 spa d
040 |c cru IIS 
100 1 |9 10687  |a Palma-Herrera, José Luis  |e Autor 
245 1 3 |a El regreso de los enclaves a Honduras en el siglo XXI:   |b las zonas de empleo y desarrollo económico (ZEDE), la versión de las ciudades chárter rechazada por su creador Paul Romer (2010-2019) /  |c José Luis Palma-Herrera 
300 |a páginas 95-132:  |b tablas, mapas, ilustraciones 
500 |a Colección Centroamérica 
773 0 |0 18765  |9 7630  |a Universidad de Costa Rica.  |d San José, Costa Rica: Editorial Universidad de Costa Rica, 1974-  |o 23639  |t Anuario de Estudios Centroamericanos /  |x 03777316 
942 |2 ddc  |c PP 
999 |c 44499  |d 44499